Fundamentos de ingeniería geotécnica antisísmica
Tallennettuna:
| Päätekijä: | |
|---|---|
| Aineistotyyppi: | Kirja |
| Kieli: | espanja |
| Julkaistu: |
Santiago
Universidad Católica de Chile
1992
|
| Sarja: | Textos Universitarios
|
| Aiheet: | |
| Tagit: |
Lisää tagi
Ei tageja, Lisää ensimmäinen tagi!
|
MARC
| LEADER | 00000nam a2200000 a 4500 | ||
|---|---|---|---|
| 001 | UCX6457 | ||
| 003 | CL-VaPUC | ||
| 008 | 930615e19920000CL |||||||||||||||||spa|d | ||
| 082 | 0 | 4 | |a 624.151 |b TRO |2 21 |
| 100 | 0 | |a Troncoso, Jorge H |e author |9 322936 | |
| 245 | 1 | 0 | |a Fundamentos de ingeniería geotécnica antisísmica |
| 300 | |a 144 p | ||
| 942 | |c BK | ||
| 945 | |d 19930615 00:00:00 | ||
| 260 | |a Santiago |b Universidad Católica de Chile |c 1992 | ||
| 650 | 0 | |a Ingeniería sísmica |9 262652 | |
| 650 | 7 | |a DISEÑO ASISMICO |2 CL-VaPUC |9 322937 | |
| 650 | 0 | |a Mecánica de suelos |9 260278 | |
| 583 | |a last modification |c 19930615 00:00:00 |k Rodrigo Vera | ||
| 490 | 0 | |a Textos Universitarios | |
| 999 | |c 226468 |d 226466 | ||